000 00186nam a2200109Ia 4500
100 _a#N/A
942 _cBK
245 _aarch Linux
260 _b#N/A
546 _aENGLISH
999 _c33075
_d33075